<?xml version="1.0" encoding="UTF-8"?>
<record
    xmlns:xsi="http://www.w3.org/2001/XMLSchema-instance"
    xsi:schemaLocation="http://www.loc.gov/MARC21/slim http://www.loc.gov/standards/marcxml/schema/MARC21slim.xsd"
    xmlns="http://www.loc.gov/MARC21/slim">

  <leader>00167nam a2200085   4500</leader>
  <controlfield tag="001">1256022</controlfield>
  <controlfield tag="005">20251218101611.0</controlfield>
  <datafield tag="245" ind1=" " ind2=" ">
    <subfield code="a">sdASDasdASD</subfield>
    <subfield code="c">asdASD</subfield>
  </datafield>
  <datafield tag="260" ind1=" " ind2=" ">
    <subfield code="b">asdASD</subfield>
  </datafield>
  <datafield tag="999" ind1=" " ind2=" ">
    <subfield code="c">1256022</subfield>
    <subfield code="d">1256022</subfield>
  </datafield>
</record>
